000 02295cam a2200361 4500500
005 20251228073633.0
041 _afre
042 _adc
100 1 0 _aTurcan, Robert
_eauthor
245 0 0 _a« vivre avec des mythes »
260 _c2005.
500 _a18
520 _aL’article est une étude critique élargie de l’ouvrage de P. Zanker, Ewald B. Chr., Mit Mythen leben, Die Bilderwelt der römischen Sarkophage. L’A., lui-même spécialiste reconnu de l’iconographie et des sarcophages romains, reprend les points essentiels de l’ouvrage, les discute et parfois les contredit. « Vivre avec des mythes » était naturel durant l’Antiquité, mais nous sommes aujourd’hui dans l’incapacité d’avoir les réactions des Anciens devant ces sarcophages et leur iconographie. Comme cette difficulté est définitive, R. T. rappelle l’importance des sources antiques qui, seules, contribuent à nous informer sur la lecture qu’il faut donner aux images sépulcrales.
520 _aTo Live with Myths : About a Recent Book.This is an expanded review of the book by P. Zanker and B. Chr. Ewald, Mit Mythen leben, Die Bilderwelt der römischen Sarkophage. The A., a recognised specialist in Roman iconography and sarcophagi, examines and sometimes disagrees with some of the basic issues in the book. « To live with myths » was natural in Antiquity, but today we are quite incapable of sharing the original response of people to the sarcophagi and their iconography. This is an absolute difficulty, and the reviewer insists on the importance of ancient literary sources as our only means of understanding sepulchral imagery.
690 _aÉtude critique
690 _aIconographie
690 _aMobilier
690 _aMonde romain
690 _aMythologie
690 _aRelief
690 _aSarcophage
690 _aSources antiques
690 _aAncient sources
690 _aCritical study
690 _aFurniture
690 _aIconography
690 _aMythology
690 _aRelief
690 _aRoman world
690 _aSarcophagus
786 0 _nRevue archéologique | 39 | 1 | 2005-03-01 | p. 79-87 | 0035-0737
856 4 1 _uhttps://shs.cairn.info/revue-archeologique-2005-1-page-79?lang=fr&redirect-ssocas=7080
999 _c1595607
_d1595607